[Event "Deutsche Ländermeisterschaft 2016"]
[Site "Hannover GER"]
[Date "2016.10.05"]
[Round "7"]
[White "Boes, Julian"]
[Black "Vöge, Tobias"]
[Result "1/2-1/2"]
[Termination "normal"]
[Board "5.1"]
[BlackTitle "FM"]
[WhiteElo "2114"]
[BlackElo "2289"]
[WhiteClock "00:01:24"]
[BlackClock "00:04:07"]
[WhiteTeam "Baden 2"]
[BlackTeam "Niedersachsen 1"]
[PlyCount "127"]
[WhiteFideId "12907723"]
[BlackFideId "1270513"]
[EventCountry "GER"]
[EventRounds "7"]
[EventType "team-swiss"]
[EventDate "2016.09.30"]

1. e4 {[%clk 1:30:57]} e6 {[%clk 1:30:55]} 2. d4 {[%clk 1:31:21]} d5 {[%clk
1:31:21]} 3. exd5 {[%clk 1:30:49]} exd5 {[%clk 1:31:38]} 4. Bd3 {[%clk
1:31:00]} Bd6 {[%clk 1:30:57]} 5. Nf3 {[%clk 1:31:25]} Nf6 {[%clk 1:27:33]} 6.
Qe2+ {[%clk 1:31:47]} Qe7 {[%clk 1:23:40]} 7. Qxe7+ {[%clk 1:32:04]} Kxe7
{[%clk 1:22:01]} 8. O-O {[%clk 1:32:28]} Be6 {[%clk 1:20:12]} 9. Re1 {[%clk
1:30:23]} Re8 {[%clk 1:17:25]} 10. Nc3 {[%clk 1:27:53]} c6 {[%clk 1:11:59]} 11.
Nh4 {[%clk 1:26:39]} Kf8 {[%clk 1:07:29]} 12. f4 {[%clk 1:26:25]} Na6 {[%clk
1:03:13]} 13. a3 {[%clk 0:50:10]} Bd7 {[%clk 0:33:53]} 14. Bd2 {[%clk 0:44:16]}
Nc7 {[%clk 0:33:37]} 15. h3 {[%clk 0:26:14]} c5 {[%clk 0:16:06]} 16. dxc5
{[%clk 0:20:19]} Bxc5+ {[%clk 0:16:28]} 17. Kf1 {[%clk 0:20:29]} Bc6 {[%clk
0:14:48]} 18. Ne2 {[%clk 0:17:28]} Ne4 {[%clk 0:12:48]} 19. Bb4 {[%clk
0:17:10]} b6 {[%clk 0:07:03]} 20. Nd4 {[%clk 0:12:00]} Bb7 {[%clk 0:07:14]} 21.
Bxe4 {[%clk 0:08:32]} dxe4 {[%clk 0:06:44]} 22. Bxc5+ {[%clk 0:08:06]} bxc5
{[%clk 0:07:07]} 23. Nb3 {[%clk 0:08:10]} c4 {[%clk 0:03:52]} 24. Nd4 {[%clk
0:05:49]} g6 {[%clk 0:03:25]} 25. g4 {[%clk 0:05:28]} Rad8 {[%clk 0:02:17]} 26.
c3 {[%clk 0:05:44]} Na6 {[%clk 0:00:59]} 27. Ng2 {[%clk 0:03:03]} Nc5 {[%clk
0:01:18]} 28. Re2 {[%clk 0:01:48]} Nd3 {[%clk 0:01:15]} 29. f5 {[%clk 0:01:47]}
g5 {[%clk 0:00:53]} 30. Ne3 {[%clk 0:01:49]} Ba6 {[%clk 0:00:39]} 31. Rb1
{[%clk 0:01:16]} Kg7 {[%clk 0:00:42]} 32. Kg1 {[%clk 0:01:23]} h6 {[%clk
0:00:41]} 33. Kh2 {[%clk 0:01:45]} Rd6 {[%clk 0:00:50]} 34. Kg3 {[%clk
0:01:35]} Kf6 {[%clk 0:00:48]} 35. Rh2 {[%clk 0:01:14]} Kg7 {[%clk 0:00:54]}
36. h4 {[%clk 0:01:19]} gxh4+ {[%clk 0:00:54]} 37. Rxh4 {[%clk 0:01:27]} Rb8
{[%clk 0:01:03]} 38. Rh2 {[%clk 0:00:42]} Rdb6 {[%clk 0:00:59]} 39. Nd1 {[%clk
0:00:32]} Bc8 {[%clk 0:01:09]} 40. Re2 {[%clk 0:00:41]} Bd7 {[%clk 0:00:36]}
41. Rxe4 {[%clk 0:25:54]} Nxb2 {[%clk 0:22:13]} 42. Nxb2 {[%clk 0:12:00]} Rxb2
{[%clk 0:22:37]} 43. Rxb2 {[%clk 0:12:23]} Rxb2 {[%clk 0:23:03]} 44. Re7 {[%clk
0:12:35]} Rb7 {[%clk 0:23:01]} 45. Kf4 {[%clk 0:12:19]} Kf6 {[%clk 0:22:34]}
46. Re5 {[%clk 0:12:25]} Ba4 {[%clk 0:13:31]} 47. Ra5 {[%clk 0:11:51]} Bd1
{[%clk 0:10:15]} 48. Ra6+ {[%clk 0:11:30]} Kg7 {[%clk 0:09:58]} 49. a4 {[%clk
0:10:14]} Rb2 {[%clk 0:06:35]} 50. Rxa7 {[%clk 0:09:30]} Rf2+ {[%clk 0:05:55]}
51. Ke5 {[%clk 0:05:16]} Bxg4 {[%clk 0:04:52]} 52. a5 {[%clk 0:05:18]} h5
{[%clk 0:03:54]} 53. a6 {[%clk 0:04:49]} h4 {[%clk 0:03:32]} 54. Ne6+ {[%clk
0:03:14]} Kg8 {[%clk 0:03:04]} 55. Ra8+ {[%clk 0:03:24]} Kh7 {[%clk 0:03:33]}
56. Ng5+ {[%clk 0:02:35]} Kg7 {[%clk 0:03:00]} 57. f6+ {[%clk 0:02:05]} Rxf6
{[%clk 0:03:13]} 58. Rg8+ {[%clk 0:01:15]} Kxg8 {[%clk 0:03:42]} 59. Kxf6
{[%clk 0:01:44]} Bc8 {[%clk 0:03:20]} 60. a7 {[%clk 0:02:12]} Bb7 {[%clk
0:03:46]} 61. Nxf7 {[%clk 0:01:10]} h3 {[%clk 0:03:27]} 62. Nh6+ {[%clk
0:01:35]} Kf8 {[%clk 0:03:53]} 63. Ng4 {[%clk 0:02:00]} Ke8 {[%clk 0:04:07]}
64. Ke6 {[%clk 0:01:24]} 1/2-1/2

[Event "Deutsche Ländermeisterschaft 2016"]
[Site "Hannover GER"]
[Date "2016.10.05"]
[Round "7"]
[White "Polster, Christian"]
[Black "Hund, Sarah"]
[Result "1/2-1/2"]
[Termination "normal"]
[Board "5.2"]
[WhiteElo "2309"]
[BlackElo "1874"]
[WhiteClock "00:27:45"]
[BlackClock "00:12:46"]
[WhiteTeam "Niedersachsen 1"]
[BlackTeam "Baden 2"]
[PlyCount "111"]
[WhiteFideId "12965081"]
[BlackFideId "12923338"]
[EventCountry "GER"]
[EventRounds "7"]
[EventType "team-swiss"]
[EventDate "2016.09.30"]

1. e4 {[%clk 1:30:59]} e5 {[%clk 1:30:52]} 2. Nf3 {[%clk 1:31:23]} Nc6 {[%clk
1:31:09]} 3. c3 {[%clk 1:31:47]} d5 {[%clk 1:26:23]} 4. Qa4 {[%clk 1:30:38]}
Qd6 {[%clk 1:23:49]} 5. Bb5 {[%clk 1:27:15]} Bd7 {[%clk 1:22:16]} 6. exd5
{[%clk 1:22:18]} Qxd5 {[%clk 1:19:57]} 7. O-O {[%clk 1:13:40]} O-O-O {[%clk
1:15:25]} 8. d4 {[%clk 1:08:11]} exd4 {[%clk 1:09:11]} 9. cxd4 {[%clk 1:04:04]}
a6 {[%clk 1:04:06]} 10. Nc3 {[%clk 1:00:54]} Qh5 {[%clk 1:02:38]} 11. Bxa6
{[%clk 0:54:47]} Na7 {[%clk 0:52:56]} 12. Bb5 {[%clk 0:44:20]} Bxb5 {[%clk
0:51:29]} 13. Nxb5 {[%clk 0:41:18]} Nxb5 {[%clk 0:49:07]} 14. Ne5 {[%clk
0:24:53]} c6 {[%clk 0:46:36]} 15. Bf4 {[%clk 0:22:54]} Bd6 {[%clk 0:40:49]} 16.
Rac1 {[%clk 0:15:00]} Nc7 {[%clk 0:36:36]} 17. d5 {[%clk 0:08:54]} Bxe5 {[%clk
0:29:25]} 18. dxc6 {[%clk 0:08:24]} Bxf4 {[%clk 0:15:51]} 19. cxb7+ {[%clk
0:07:53]} Kxb7 {[%clk 0:15:44]} 20. Qxf4 {[%clk 0:06:07]} Qa5 {[%clk 0:14:12]}
21. Rc3 {[%clk 0:04:51]} Nf6 {[%clk 0:10:25]} 22. Ra3 {[%clk 0:04:11]} Qd5
{[%clk 0:09:21]} 23. h3 {[%clk 0:03:09]} Rd6 {[%clk 0:08:27]} 24. Rc1 {[%clk
0:01:32]} Ra8 {[%clk 0:07:06]} 25. Qb4+ {[%clk 0:01:20]} Rb6 {[%clk 0:06:28]}
26. Qe7 {[%clk 0:00:44]} Qd7 {[%clk 0:05:31]} 27. Rxc7+ {[%clk 0:00:53]} Qxc7
{[%clk 0:06:16]} 28. Qxc7+ {[%clk 0:01:15]} Kxc7 {[%clk 0:06:40]} 29. Rxa8
{[%clk 0:01:40]} Rxb2 {[%clk 0:06:21]} 30. Rf8 {[%clk 0:01:48]} Rxa2 {[%clk
0:04:59]} 31. Rxf7+ {[%clk 0:02:07]} Kb6 {[%clk 0:04:48]} 32. Rxg7 {[%clk
0:02:19]} Ra7 {[%clk 0:04:01]} 33. Rg5 {[%clk 0:01:55]} Kc6 {[%clk 0:03:58]}
34. Rf5 {[%clk 0:02:05]} Nd5 {[%clk 0:02:30]} 35. g3 {[%clk 0:02:11]} Kd6
{[%clk 0:02:41]} 36. Kg2 {[%clk 0:02:18]} Ke6 {[%clk 0:02:56]} 37. Rf3 {[%clk
0:02:37]} Rf7 {[%clk 0:02:17]} 38. Ra3 {[%clk 0:02:43]} Nf6 {[%clk 0:01:43]}
39. Ra6+ {[%clk 0:02:46]} Kf5 {[%clk 0:01:54]} 40. Ra5+ {[%clk 0:03:03]} Ke6
{[%clk 0:01:06]} 41. Ra6+ {[%clk 0:02:39]} Kf5 {[%clk 0:00:33]} 42. Ra5+ {[%clk
0:02:57]} Kg6 {[%clk 0:25:37]} 43. Ra4 {[%clk 0:32:30]} Re7 {[%clk 0:24:31]}
44. Ra2 {[%clk 0:32:24]} Re5 {[%clk 0:23:19]} 45. Rb2 {[%clk 0:32:09]} Rd5
{[%clk 0:22:49]} 46. Ra2 {[%clk 0:32:01]} Ne4 {[%clk 0:21:43]} 47. Ra6+ {[%clk
0:29:34]} Rd6 {[%clk 0:21:06]} 48. Ra4 {[%clk 0:29:09]} Kf5 {[%clk 0:18:29]}
49. Ra5+ {[%clk 0:28:32]} Kf6 {[%clk 0:18:39]} 50. Ra4 {[%clk 0:28:38]} Ke5
{[%clk 0:16:54]} 51. Ra5+ {[%clk 0:28:12]} Rd5 {[%clk 0:16:04]} 52. Ra8 {[%clk
0:27:19]} Rd6 {[%clk 0:15:12]} 53. Ra5+ {[%clk 0:27:35]} Rd5 {[%clk 0:14:59]}
54. Ra8 {[%clk 0:27:57]} Rd6 {[%clk 0:15:20]} 55. Ra5+ {[%clk 0:27:45]} Rd5
{[%clk 0:12:46]} 56. Ra8 1/2-1/2

[Event "Deutsche Ländermeisterschaft 2016"]
[Site "Hannover GER"]
[Date "2016.10.05"]
[Round "7"]
[White "Wiesner, Alexander"]
[Black "Reuker, Jari"]
[Result "1-0"]
[Termination "normal"]
[Board "5.3"]
[WhiteElo "1822"]
[BlackElo "2179"]
[WhiteClock "00:01:13"]
[BlackClock "00:02:20"]
[WhiteTeam "Baden 2"]
[BlackTeam "Niedersachsen 1"]
[PlyCount "121"]
[WhiteFideId "12943991"]
[BlackFideId "12909300"]
[EventCountry "GER"]
[EventRounds "7"]
[EventType "team-swiss"]
[EventDate "2016.09.30"]

1. d4 {[%clk 1:30:44]} Nf6 {[%clk 1:30:44]} 2. c4 {[%clk 1:31:07]} e6 {[%clk
1:31:05]} 3. Nc3 {[%clk 1:31:26]} Bb4 {[%clk 1:31:22]} 4. e3 {[%clk 1:31:32]}
O-O {[%clk 1:31:36]} 5. Bd3 {[%clk 1:30:00]} c5 {[%clk 1:31:45]} 6. Nf3 {[%clk
1:28:21]} d5 {[%clk 1:30:03]} 7. O-O {[%clk 1:27:40]} dxc4 {[%clk 1:30:26]} 8.
Bxc4 {[%clk 1:27:15]} Nbd7 {[%clk 1:30:45]} 9. a3 {[%clk 1:24:47]} cxd4 {[%clk
1:30:59]} 10. Qxd4 {[%clk 1:19:44]} Bc5 {[%clk 1:29:09]} 11. Qd2 {[%clk
1:15:58]} b6 {[%clk 1:24:31]} 12. b4 {[%clk 1:15:21]} Be7 {[%clk 1:24:24]} 13.
Bb2 {[%clk 1:13:04]} Bb7 {[%clk 1:22:47]} 14. Nd4 {[%clk 1:08:31]} Qc7 {[%clk
1:15:16]} 15. Be2 {[%clk 1:03:56]} Rac8 {[%clk 1:11:38]} 16. Rac1 {[%clk
0:59:08]} Qb8 {[%clk 1:11:23]} 17. Bf3 {[%clk 0:57:01]} Ne5 {[%clk 1:09:09]}
18. Bxb7 {[%clk 0:53:39]} Qxb7 {[%clk 1:09:18]} 19. b5 {[%clk 0:38:32]} Nfd7
{[%clk 0:56:38]} 20. a4 {[%clk 0:33:05]} Nc5 {[%clk 0:50:25]} 21. Ba1 {[%clk
0:22:19]} Rfd8 {[%clk 0:45:02]} 22. Qe2 {[%clk 0:19:21]} Ncd3 {[%clk 0:40:12]}
23. Rcd1 {[%clk 0:16:24]} Nb4 {[%clk 0:33:44]} 24. Qh5 {[%clk 0:11:46]} Bf6
{[%clk 0:28:42]} 25. Nce2 {[%clk 0:08:20]} Ned3 {[%clk 0:20:48]} 26. Qg4 {[%clk
0:06:21]} Rc4 {[%clk 0:17:01]} 27. Qg3 {[%clk 0:05:28]} h5 {[%clk 0:11:44]} 28.
Nc6 {[%clk 0:04:59]} Rg4 {[%clk 0:04:20]} 29. Nxd8 {[%clk 0:04:02]} Bxd8 {[%clk
0:04:10]} 30. Qh3 {[%clk 0:03:54]} Be7 {[%clk 0:01:36]} 31. f3 {[%clk 0:03:23]}
Rh4 {[%clk 0:01:14]} 32. Qg3 {[%clk 0:03:32]} g6 {[%clk 0:01:22]} 33. Nc1
{[%clk 0:02:11]} Nc5 {[%clk 0:00:46]} 34. Qe5 {[%clk 0:01:41]} f6 {[%clk
0:01:07]} 35. Qg3 {[%clk 0:01:23]} g5 {[%clk 0:01:23]} 36. Ne2 {[%clk 0:01:00]}
Nd5 {[%clk 0:01:02]} 37. Qf2 {[%clk 0:00:31]} Rxa4 {[%clk 0:00:45]} 38. e4 Nb4
{[%clk 0:00:39]} 39. Bd4 {[%clk 0:00:42]} Ra2 {[%clk 0:00:43]} 40. Qe3 {[%clk
0:00:32]} e5 {[%clk 0:00:35]} 41. Bc3 {[%clk 0:23:17]} Nc2 {[%clk 0:21:32]} 42.
Qc1 {[%clk 0:17:40]} Na3 {[%clk 0:16:04]} 43. Bb2 {[%clk 0:13:42]} Nb3 {[%clk
0:12:58]} 44. Qc3 {[%clk 0:11:56]} Na5 {[%clk 0:11:37]} 45. Ng3 {[%clk
0:06:58]} Nxb5 {[%clk 0:09:58]} 46. Qc1 {[%clk 0:06:40]} Bc5+ {[%clk 0:08:45]}
47. Kh1 {[%clk 0:06:48]} Qf7 {[%clk 0:08:26]} 48. Rd8+ {[%clk 0:05:55]} Kh7
{[%clk 0:08:17]} 49. Rfd1 {[%clk 0:05:09]} Nd4 {[%clk 0:06:30]} 50. Bxd4 {[%clk
0:04:25]} exd4 {[%clk 0:06:43]} 51. e5 Qb3 {[%clk 0:02:38]} 52. Nxh5 {[%clk
0:03:20]} Nc6 {[%clk 0:01:04]} 53. Nxf6+ {[%clk 0:03:16]} Kg6 {[%clk 0:01:20]}
54. Rg8+ {[%clk 0:02:16]} Kf7 {[%clk 0:01:45]} 55. Re1 {[%clk 0:01:56]} Qc2
{[%clk 0:00:55]} 56. Qxg5 {[%clk 0:01:47]} Qxg2+ {[%clk 0:00:33]} 57. Qxg2
{[%clk 0:02:11]} Rxg2 {[%clk 0:01:02]} 58. Rxg2 {[%clk 0:02:22]} Nxe5 {[%clk
0:01:29]} 59. Rxe5 {[%clk 0:02:04]} Kxf6 {[%clk 0:01:57]} 60. f4 {[%clk
0:01:31]} a5 {[%clk 0:02:20]} 61. Rc2 {[%clk 0:01:13]} 1-0

[Event "Deutsche Ländermeisterschaft 2016"]
[Site "Hannover GER"]
[Date "2016.10.05"]
[Round "7"]
[White "Böhm, Jana"]
[Black "Mangei, Jasmin"]
[Result "1-0"]
[Termination "normal"]
[Board "5.4"]
[WhiteElo "1904"]
[BlackElo "1900"]
[WhiteClock "00:22:55"]
[BlackClock "00:04:20"]
[WhiteTeam "Niedersachsen 1"]
[BlackTeam "Baden 2"]
[PlyCount "82"]
[WhiteFideId "24661589"]
[BlackFideId "12951803"]
[EventCountry "GER"]
[EventRounds "7"]
[EventType "team-swiss"]
[EventDate "2016.09.30"]

1. e4 {[%clk 1:30:59]} e5 {[%clk 1:30:55]} 2. Nf3 {[%clk 1:31:25]} Nc6 {[%clk
1:31:21]} 3. Bb5 {[%clk 1:31:52]} a6 {[%clk 1:31:45]} 4. Bxc6 {[%clk 1:32:19]}
dxc6 {[%clk 1:32:05]} 5. O-O {[%clk 1:32:45]} Bg4 {[%clk 1:29:11]} 6. h3 {[%clk
1:33:10]} h5 {[%clk 1:28:31]} 7. d3 {[%clk 1:33:15]} Bxf3 {[%clk 1:18:42]} 8.
Qxf3 {[%clk 1:33:36]} Qf6 {[%clk 1:18:20]} 9. Qxf6 {[%clk 1:31:14]} Nxf6 {[%clk
1:18:43]} 10. Be3 {[%clk 1:27:10]} O-O-O {[%clk 1:17:33]} 11. Nd2 {[%clk
1:26:04]} Be7 {[%clk 1:10:43]} 12. Nc4 {[%clk 1:19:21]} Nd7 {[%clk 1:03:34]}
13. d4 {[%clk 1:13:09]} exd4 {[%clk 0:59:53]} 14. Bxd4 {[%clk 1:13:31]} f6
{[%clk 0:57:24]} 15. Rad1 {[%clk 1:09:23]} Bc5 {[%clk 0:51:25]} 16. f3 {[%clk
1:00:48]} Bxd4+ {[%clk 0:40:43]} 17. Rxd4 {[%clk 1:01:12]} Ne5 {[%clk 0:38:00]}
18. Rxd8+ {[%clk 1:01:37]} Rxd8 {[%clk 0:38:24]} 19. Ne3 {[%clk 1:01:05]} c5
{[%clk 0:30:38]} 20. Rd1 {[%clk 0:54:05]} Rxd1+ {[%clk 0:25:35]} 21. Nxd1
{[%clk 0:54:30]} Kd7 {[%clk 0:23:56]} 22. Ne3 {[%clk 0:53:00]} b5 {[%clk
0:21:47]} 23. Kf2 {[%clk 0:51:50]} c6 {[%clk 0:19:59]} 24. f4 {[%clk 0:47:52]}
Nf7 {[%clk 0:18:43]} 25. Kf3 {[%clk 0:45:49]} Ke6 {[%clk 0:17:04]} 26. g4
{[%clk 0:42:07]} h4 {[%clk 0:15:44]} 27. f5+ {[%clk 0:39:03]} Ke5 {[%clk
0:13:37]} 28. Ng2 {[%clk 0:38:54]} Ng5+ {[%clk 0:12:48]} 29. Ke3 {[%clk
0:38:54]} Nxh3 {[%clk 0:11:15]} 30. Nxh4 {[%clk 0:39:16]} a5 {[%clk 0:10:24]}
31. Nf3+ {[%clk 0:33:27]} Kd6 {[%clk 0:10:18]} 32. c3 {[%clk 0:31:16]} c4
{[%clk 0:08:45]} 33. a3 {[%clk 0:28:47]} c5 {[%clk 0:08:40]} 34. a4 {[%clk
0:27:32]} b4 {[%clk 0:07:23]} 35. Nd2 {[%clk 0:27:22]} Ng5 {[%clk 0:05:26]} 36.
Nxc4+ {[%clk 0:27:34]} Kc7 {[%clk 0:04:43]} 37. Nxa5 {[%clk 0:27:39]} Nf7
{[%clk 0:04:40]} 38. cxb4 {[%clk 0:26:04]} cxb4 {[%clk 0:05:08]} 39. Nc4 {[%clk
0:25:48]} Kc6 {[%clk 0:04:23]} 40. b3 {[%clk 0:24:14]} Kc5 {[%clk 0:04:20]} 41.
Nb2 {[%clk 0:22:55]} Kd5 1-0

[Event "Deutsche Ländermeisterschaft 2016"]
[Site "Hannover GER"]
[Date "2016.10.05"]
[Round "7"]
[White "Evering, Sören"]
[Black "Wu, Luka"]
[Result "1-0"]
[Termination "normal"]
[Board "5.6"]
[WhiteElo "1853"]
[BlackElo "1800"]
[WhiteClock "00:13:17"]
[BlackClock "00:07:12"]
[WhiteTeam "Niedersachsen 1"]
[BlackTeam "Baden 2"]
[PlyCount "87"]
[WhiteFideId "12974650"]
[BlackFideId "12977420"]
[EventCountry "GER"]
[EventRounds "7"]
[EventType "team-swiss"]
[EventDate "2016.09.30"]

1. e4 {[%clk 1:30:50]} c5 {[%clk 1:30:52]} 2. Nf3 {[%clk 1:30:46]} d6 {[%clk
1:31:11]} 3. d4 {[%clk 1:31:02]} cxd4 {[%clk 1:31:29]} 4. Nxd4 {[%clk 1:31:20]}
Nf6 {[%clk 1:31:48]} 5. Nc3 {[%clk 1:31:21]} g6 {[%clk 1:32:02]} 6. Be3 {[%clk
1:31:24]} Bg7 {[%clk 1:32:24]} 7. Bc4 {[%clk 1:30:34]} O-O {[%clk 1:32:27]} 8.
f3 {[%clk 1:28:36]} Bd7 {[%clk 1:32:39]} 9. Qd2 {[%clk 1:28:47]} Nc6 {[%clk
1:32:59]} 10. O-O-O {[%clk 1:28:40]} Rc8 {[%clk 1:33:19]} 11. Bb3 {[%clk
1:28:52]} Ne5 {[%clk 1:33:33]} 12. Kb1 {[%clk 1:27:53]} a6 {[%clk 1:30:07]} 13.
g4 {[%clk 1:26:19]} b5 {[%clk 1:29:47]} 14. a3 {[%clk 1:12:21]} Nc4 {[%clk
1:28:49]} 15. Bxc4 {[%clk 1:00:45]} Rxc4 {[%clk 1:28:15]} 16. Na2 {[%clk
0:58:59]} Qb8 {[%clk 1:17:13]} 17. h4 {[%clk 0:57:35]} h5 {[%clk 1:17:35]} 18.
gxh5 {[%clk 0:55:30]} Nxh5 {[%clk 1:17:47]} 19. Rhg1 {[%clk 0:54:25]} Qb7
{[%clk 1:14:32]} 20. Nb3 {[%clk 0:49:49]} Qa8 {[%clk 1:12:57]} 21. Bh6 {[%clk
0:44:36]} Rfc8 {[%clk 1:11:32]} 22. Rc1 {[%clk 0:43:06]} R4c7 {[%clk 0:56:42]}
23. Bxg7 {[%clk 0:39:23]} Nxg7 {[%clk 0:45:30]} 24. h5 {[%clk 0:35:37]} Nxh5
{[%clk 0:45:32]} 25. Qh6 {[%clk 0:35:49]} Qa7 {[%clk 0:33:22]} 26. Qxh5 {[%clk
0:32:29]} Qf2 {[%clk 0:27:14]} 27. Nc3 {[%clk 0:17:17]} Kg7 {[%clk 0:18:14]}
28. Qg5 {[%clk 0:15:15]} Be6 {[%clk 0:08:49]} 29. Rh1 {[%clk 0:13:18]} Bxb3
{[%clk 0:07:27]} 30. Qh6+ {[%clk 0:13:04]} Kf6 {[%clk 0:07:43]} 31. cxb3 {[%clk
0:12:54]} e6 {[%clk 0:08:04]} 32. e5+ {[%clk 0:12:48]} Kf5 {[%clk 0:07:27]} 33.
exd6 {[%clk 0:10:35]} Rd7 {[%clk 0:07:04]} 34. Qh3+ {[%clk 0:10:33]} Ke5 {[%clk
0:07:05]} 35. Rhe1+ {[%clk 0:10:55]} Qxe1 {[%clk 0:06:16]} 36. Rxe1+ {[%clk
0:11:14]} Kxd6 {[%clk 0:06:44]} 37. Rd1+ {[%clk 0:11:37]} Ke7 {[%clk 0:07:07]}
38. Rxd7+ {[%clk 0:12:04]} Kxd7 {[%clk 0:07:31]} 39. Qh7 {[%clk 0:12:19]} Ke7
{[%clk 0:07:36]} 40. Ne4 {[%clk 0:12:19]} Rf8 {[%clk 0:07:03]} 41. Qg7 {[%clk
0:12:22]} a5 {[%clk 0:07:02]} 42. Qf6+ {[%clk 0:12:43]} Kd7 {[%clk 0:07:22]}
43. Qd4+ {[%clk 0:12:56]} Ke7 {[%clk 0:07:12]} 44. Qd6+ {[%clk 0:13:17]} 1-0

[Event "Deutsche Ländermeisterschaft 2016"]
[Site "Hannover GER"]
[Date "2016.10.05"]
[Round "7"]
[White "Lohrmann, Tabea"]
[Black "Mönster, Madita"]
[Result "1/2-1/2"]
[Termination "normal"]
[Board "5.7"]
[WhiteElo "1723"]
[BlackElo "1781"]
[WhiteClock "00:17:36"]
[BlackClock "00:18:21"]
[WhiteTeam "Baden 2"]
[BlackTeam "Niedersachsen 1"]
[PlyCount "89"]
[WhiteFideId "12911941"]
[BlackFideId "12947156"]
[EventCountry "GER"]
[EventRounds "7"]
[EventType "team-swiss"]
[EventDate "2016.09.30"]

1. e4 {[%clk 1:30:53]} c5 {[%clk 1:30:45]} 2. Nf3 {[%clk 1:31:12]} d6 {[%clk
1:31:03]} 3. d4 {[%clk 1:31:30]} cxd4 {[%clk 1:31:20]} 4. Nxd4 Nf6 {[%clk
1:31:32]} 5. f3 {[%clk 1:31:26]} Nc6 {[%clk 1:29:56]} 6. c4 {[%clk 1:29:34]} e6
{[%clk 1:24:38]} 7. Nc3 {[%clk 1:26:19]} Be7 {[%clk 1:23:00]} 8. Be3 {[%clk
1:25:56]} O-O {[%clk 1:22:04]} 9. Be2 {[%clk 1:25:34]} a6 {[%clk 1:13:42]} 10.
O-O {[%clk 1:24:02]} Qc7 {[%clk 1:08:53]} 11. Qd2 {[%clk 1:17:53]} Rd8 {[%clk
1:05:18]} 12. Nc2 {[%clk 1:08:46]} Ne5 {[%clk 0:55:30]} 13. b3 {[%clk 1:05:34]}
Ned7 {[%clk 0:51:55]} 14. Rac1 {[%clk 0:58:10]} Nc5 {[%clk 0:47:00]} 15. Rfd1
{[%clk 0:53:43]} b6 {[%clk 0:33:13]} 16. Ne1 {[%clk 0:48:40]} Bb7 {[%clk
0:31:12]} 17. Nd3 {[%clk 0:38:48]} Rac8 {[%clk 0:28:56]} 18. Nxc5 {[%clk
0:37:20]} dxc5 {[%clk 0:28:52]} 19. Qe1 {[%clk 0:36:17]} Bd6 {[%clk 0:27:25]}
20. Qh4 {[%clk 0:35:47]} Rd7 {[%clk 0:24:30]} 21. Rc2 {[%clk 0:33:29]} Rcd8
{[%clk 0:22:37]} 22. Rcd2 {[%clk 0:32:50]} Be5 {[%clk 0:21:12]} 23. Nb1 {[%clk
0:23:37]} Rxd2 {[%clk 0:18:52]} 24. Nxd2 {[%clk 0:21:26]} Bd4 {[%clk 0:17:55]}
25. Nf1 {[%clk 0:18:20]} e5 {[%clk 0:16:10]} 26. Kh1 {[%clk 0:16:03]} Bxe3
{[%clk 0:15:20]} 27. Nxe3 {[%clk 0:15:59]} Rxd1+ {[%clk 0:15:36]} 28. Bxd1
{[%clk 0:14:57]} Qd7 {[%clk 0:15:15]} 29. Nd5 {[%clk 0:14:25]} Nxd5 {[%clk
0:15:21]} 30. exd5 {[%clk 0:13:48]} b5 {[%clk 0:14:33]} 31. Qe4 {[%clk
0:10:56]} Qd6 {[%clk 0:13:27]} 32. Bc2 {[%clk 0:09:03]} g6 {[%clk 0:13:28]} 33.
Kg1 {[%clk 0:09:00]} Qf6 {[%clk 0:10:05]} 34. Kf2 {[%clk 0:08:08]} Qg5 {[%clk
0:09:23]} 35. Qe3 {[%clk 0:07:09]} Qh4+ {[%clk 0:08:03]} 36. Kg1 {[%clk
0:07:30]} Qd4 {[%clk 0:07:48]} 37. Qxd4 {[%clk 0:05:14]} exd4 {[%clk 0:07:52]}
38. Kf2 {[%clk 0:04:36]} Kf8 {[%clk 0:07:22]} 39. Ke2 {[%clk 0:03:47]} Ke7
{[%clk 0:06:41]} 40. Kd3 {[%clk 0:02:41]} Kd6 {[%clk 0:05:29]} 41. Ke4 {[%clk
0:01:43]} Bc8 {[%clk 0:02:06]} 42. g4 {[%clk 0:27:27]} g5 {[%clk 0:27:27]} 43.
Bd3 {[%clk 0:23:22]} Bd7 {[%clk 0:24:43]} 44. Be2 {[%clk 0:20:45]} b4 {[%clk
0:18:21]} 45. Bd3 {[%clk 0:17:36]} 1/2-1/2

[Event "Deutsche Ländermeisterschaft 2016"]
[Site "Hannover GER"]
[Date "2016.10.05"]
[Round "7"]
[White "Reichelt, Lena"]
[Black "Visvikis, Kassandra"]
[Result "1-0"]
[Termination "normal"]
[Board "5.8"]
[WhiteElo "1450"]
[BlackElo "1318"]
[WhiteClock "00:02:07"]
[BlackClock "00:27:53"]
[WhiteTeam "Niedersachsen 1"]
[BlackTeam "Baden 2"]
[PlyCount "80"]
[WhiteFideId "12981184"]
[BlackFideId "36052167"]
[EventCountry "GER"]
[EventRounds "7"]
[EventType "team-swiss"]
[EventDate "2016.09.30"]

1. d4 {[%clk 1:30:55]} d5 {[%clk 1:30:55]} 2. Nf3 {[%clk 1:30:45]} e6 {[%clk
1:30:47]} 3. e3 {[%clk 1:30:00]} Nf6 {[%clk 1:29:35]} 4. c4 {[%clk 1:28:23]} c5
{[%clk 1:25:45]} 5. cxd5 {[%clk 1:22:33]} exd5 {[%clk 1:20:50]} 6. dxc5 {[%clk
1:21:28]} Bxc5 {[%clk 1:21:14]} 7. Nc3 {[%clk 1:20:08]} Nc6 {[%clk 1:19:57]} 8.
Bb5 {[%clk 1:15:56]} O-O {[%clk 1:18:58]} 9. O-O {[%clk 1:13:44]} d4 {[%clk
1:17:20]} 10. exd4 {[%clk 1:11:25]} Nxd4 {[%clk 1:16:15]} 11. Nxd4 {[%clk
1:08:57]} Bxd4 {[%clk 1:16:18]} 12. Qc2 {[%clk 1:04:25]} Qc7 {[%clk 1:11:02]}
13. Bd2 {[%clk 1:03:23]} a6 {[%clk 1:08:04]} 14. Bd3 {[%clk 1:03:01]} Ng4
{[%clk 1:04:57]} 15. Bxh7+ {[%clk 0:50:49]} Kh8 {[%clk 1:04:46]} 16. g3 {[%clk
0:50:48]} g6 {[%clk 1:05:02]} 17. Bf4 {[%clk 0:44:12]} Qc6 {[%clk 1:04:16]} 18.
Bxg6 {[%clk 0:33:17]} Qxg6 {[%clk 1:04:06]} 19. Qxg6 {[%clk 0:32:10]} fxg6
{[%clk 1:04:31]} 20. h4 {[%clk 0:28:26]} Bxf2+ {[%clk 1:03:20]} 21. Rxf2 {[%clk
0:28:42]} Nxf2 {[%clk 1:03:46]} 22. Kxf2 {[%clk 0:29:07]} Bg4 {[%clk 1:01:54]}
23. Re1 {[%clk 0:23:10]} Rad8 {[%clk 0:59:53]} 24. Kg2 {[%clk 0:22:26]} Rfe8
{[%clk 0:55:04]} 25. Rc1 {[%clk 0:21:12]} b5 {[%clk 0:46:04]} 26. a3 {[%clk
0:15:18]} Rd3 {[%clk 0:40:43]} 27. Rf1 {[%clk 0:11:00]} Bd7 {[%clk 0:34:51]}
28. Bg5 {[%clk 0:08:25]} Re6 {[%clk 0:29:03]} 29. Rf8+ {[%clk 0:03:55]} Kg7
{[%clk 0:29:22]} 30. Rf1 {[%clk 0:04:10]} a5 {[%clk 0:28:15]} 31. Rf2 {[%clk
0:00:57]} b4 {[%clk 0:26:10]} 32. axb4 {[%clk 0:01:22]} axb4 {[%clk 0:26:37]}
33. Na2 {[%clk 0:01:26]} Rb3 {[%clk 0:26:08]} 34. Nc1 {[%clk 0:01:25]} Rxb2
{[%clk 0:26:28]} 35. Rxb2 {[%clk 0:01:03]} Rb6 {[%clk 0:26:51]} 36. Nd3 {[%clk
0:01:14]} Bc6+ {[%clk 0:26:50]} 37. Kf2 {[%clk 0:01:33]} b3 {[%clk 0:27:12]}
38. Nc5 {[%clk 0:01:46]} Rb5 {[%clk 0:27:21]} 39. Ne6+ {[%clk 0:01:55]} Kf7
{[%clk 0:27:41]} 40. Nd4 {[%clk 0:02:07]} Rc5 {[%clk 0:27:53]} 1-0